| 000 | 00649nam a2200181 i 4500 | ||
|---|---|---|---|
| 001 | 156872 | ||
| 003 | ES-MaACL | ||
| 005 | 20230906210523.0 | ||
| 008 | 981118s1888 fr |||| | fre d | ||
| 040 |
_aCCPB | B _bspa _cCCPB | B |
||
| 100 | 1 |
_aLaffitte, Paul. _9128581 |
|
| 245 | 1 | 3 |
_aLe suffrage universel et le régime parlementaire / _cPaul Laffitte. |
| 260 |
_aParis : _bLibrairie Hachette et Cie, _c1888. |
||
| 300 |
_a192 p. ; _c19 cm. |
||
| 597 | _aAntep. | ||
| 650 | 4 |
_aSufragio universal. _9136893 |
|
| 852 |
_aES-MaACL _jD-5065 _z-- Enc. hol. _x-- Edic.: Este ejemplar tiene 256 p. -- El imp. que consta en colofón es Typ. G. Chamerot |
||
| 999 |
_c156872 _d156872 |
||